| 000 | 00803nam a2200265Ia 4500 | ||
|---|---|---|---|
| 003 | OSt | ||
| 005 | 20220927111957.0 | ||
| 006 | a|||||r|||| 00| 0 | ||
| 007 | ta | ||
| 008 | 220926b |||||||| |||| 00| 0 eng d | ||
| 024 | _a111510 | ||
| 037 | _cReports | ||
| 040 |
_aRTL _cRTL _beng |
||
| 041 |
_2eng _aeng |
||
| 082 | _a"D3:7,24521.M88, C0" | ||
| 110 |
_aGovt of India _9365324 |
||
| 245 | 0 | _aCompletion report of the new Viceregal lodge at si | |
| 260 |
_aCalcutta _bGovt Printing Press India _c1890 |
||
| 300 |
_a"16p, with plats" _ccm. |
||
| 490 | _a"selection from the records of the Govt of India, Public Works Deptt serial, 22," | ||
| 650 | _aEngineering | ||
| 700 |
_aGovt of India _9365325 |
||
| 942 |
_h"D3:7,24521.M88, C0" _cCC |
||
| 999 |
_c699696 _d699696 |
||